| 000 | 00667nam a22001937a 4500 | ||
|---|---|---|---|
| 003 | OSt | ||
| 005 | 20250905051551.0 | ||
| 008 | 250905b |||||||| |||| 00| 0 eng d | ||
| 020 | _a978-971-9654-30-8 | ||
| 040 |
_aDWC-Main Lib _cOC |
||
| 082 | _aFil. 658.8 S487p 2016 | ||
| 100 | _aSerrano, Angelita Ong Camilar | ||
| 245 |
_aPrinciples of marketing/ _cAngelita Ong Camilar Serrano |
||
| 260 |
_aIntramuros, Manila, Philippines : _bUnlimited Books Library Services and Publishing Inc., _cc2016. |
||
| 300 |
_ax , 394 pages : _billustrations ; _c26cm. |
||
| 504 | _aIncludes bibliographical references. | ||
| 650 | _a1. Marketing. | ||
| 942 |
_2ddc _cBK - FIL _kFil. _n0 |
||
| 999 |
_c4459 _d4459 |
||